00339nam a2200121Ia 4500008004100000082001700041100001700058245007200075250001400147260003800161300000800199650001000207191201s2011 xx 000 0 und d a346.066bKAE aKAPOOR, N.D. 0aElements of Company Law : Including Companies (Amendment) Act, 2019 a30th Rev. aNew DelhibS Chand and Sonsc2021 a343 aB Com